000 01917nam0a2200421 4500
001 RU\NLR\bibl\90411
005 20260406064254.0
020 _aRU
_b98-33575
_9Книжная летопись
021 _aRU
_b98-25962
_91238
035 _a(NLR Aleph) 000088346
090 _a494712
_c494712
100 _a20000410d1998 |||y0rusy50 ca
101 0 _arus
102 _aRU
105 _aa |||||||||
200 1 _aПрирода релятивистских эффектов и запаздывающая синхронизация часов
_fВ. С. Барашенков, Э. Капусцик, М. В. Ляблин
210 _aДубна
_cОИЯИ
_d1998
215 _a7 с.
_cил.
_d22
225 1 _aСообщения Объединенного института ядерных исследований
_vР2-98-13
461 0 _12001#$aСообщения Объединенного института ядерных исследований$vР2-98-13
_tСообщения Объединенного института ядерных исследований
606 0 _aВремя
_xСинхронизация
_92168345
_3RU\NLR\auth\661304501
606 0 _aРелятивистские эффекты
_92168343
_3RU\NLR\auth\661304500
610 0 _aКвантовая теория полей
675 _a530.145
_v3
_zrus
686 _a29
_2rugasnti
686 _a22.31
_2rubbk
686 _aВ3
700 1 _4070
_7ca
_8rus
_aБарашенков
_bВ. С.
_f1929-2004
_gВладилен Сергеевич
_9218434
_3RU\NLR\AUTH\770218490
701 1 _4070
_8rus
_7ca
_aКапусцик
_bЭ.
_f1938-
_gЭдвард
_3RU\NLR\auth\7714133
_9123811
701 1 _aЛяблин
_bМ. В.
_4070
801 0 _aRU
_bRKP
_c20000410
_gPSBO
801 1 _aRU
_bRKP
_c20000410
801 2 _aRU
_bNLR
_c20030306
_grcr
852 _aNLR
_j98-6/1257
942 _cBOOK
980 _aNB